| 000 | 01064nam a2200205 a 4500 | ||
|---|---|---|---|
| 001 | 000030906 | ||
| 005 | 20200930062600.0 | ||
| 008 | 110329s1954 dr r 000 0 spa d | ||
| 040 |
_aDO-SdBNP _bspa _cBNPHU |
||
| 082 |
_a972.93053 _bT866m, 1953 |
||
| 100 | 1 |
_aTrujillo Molina, Héctor Bienvenido _957426 |
|
| 245 | 1 | 0 |
_aMensaje depositado el 27 de febrero de 1954 en el Congreso Nacional por el presidente de la República Dominicana general Héctor Bienvenido Trujillo Molina para darle cuenta de su gestión durante el año 1953 / _cHéctor Bienvenido Trujillo Molina. |
| 260 |
_aCiudad Trujillo, República Dominicana : _bImprenta del Ejercito Nacional, _c[1954]. |
||
| 300 |
_a148 p. ; _c23 cm. |
||
| 590 | _aInventariado, 2019/BT | ||
| 650 | 4 |
_aDiscursos presidenciales _910061 |
|
| 651 | 4 |
_aRepública Dominicana _xHistoria _yERA DE TRUJILLO, 1930-1961 _xEnsayos, Conferencias, Etc. _930520 |
|
| 651 | 4 |
_aRepública Dominicana _xPolítica Y Gobierno _yERA DE TRUJILLO, 1930-1961 _xEnsayos, Conferencias, Etc. _930546 |
|
| 910 | _aValidado. Control de calidad. EMS | ||
| 999 |
_c30398 _d30398 |
||